000 00777nmm a2200241 a 4500
001 ocm000702443
003 TR-IsHL
005 20201028135827.0
008 131209s2003 tu tur
007 cr cn
035 _a702443
_b(N$T)
050 0 4 _aKKX54
_b.T87 2003
090 0 4 _aKKX54
_b.T87 2003
245 1 0 _aTürkiye Barolar Birliği ve barolar albümü
_h[electronic resource]
260 _aAnkara :
_bTürkiye Barolar Birliği,
_c2003
300 _a179 p.
650 4 _aHukuk
650 4 _aLaw
650 0 _aAlbüm
_x Hukukçular
_x Türkiye
650 0 _aAlbum
_x Lawyers
_x Turkey
650 7 _aBIOGRAPHY & AUTOBIOGRAPHY / Lawyers & Judges
_2bisacsh
856 4 0 _uhttp://search.ebscohost.com/login.aspx?direct=true&scope=site&db=e011xww&AN=702443
999 _c6953
_d6953